| 000 | 01082nam a22003617a 4500 | ||
|---|---|---|---|
| 003 | CHAP | ||
| 005 | 20220817043656.0 | ||
| 008 | 000524d1999 it a rn 00110 eng d | ||
| 010 | _a81286 | ||
| 011 | _a82258 | ||
| 020 | _a9251043760 | ||
| 035 | _a92747 | ||
| 040 | _cCHAP | ||
| 082 | 0 | 4 |
_a333.72 _bF3 v.34 |
| 110 | 2 | _aFAO | |
| 245 | 1 | 0 |
_aAgroforestry parklands in sub-Saharan Africa _c/ by J.M. Boffa. |
| 260 |
_aRome : _bFAO, _c1999. |
||
| 300 |
_a230 p. : _bilus. |
||
| 410 | _aFAO | ||
| 490 | 0 |
_aGuía de conservación _v; 34 |
|
| 590 |
_aBATCH-UPD _b10 _c20130110 _lUCH01 _h1906 |
||
| 590 |
_aBATCH-UPD _b10 _c20130410 _lUCH01 _h1234 |
||
| 590 |
_aBATCH-UPD _b10 _c20130913 _lUCH01 _h2210 |
||
| 590 |
_aCONVERSION _b10 _c20130109 _lUCH01 _h1345 |
||
| 650 | 1 | 4 |
_aAgroforestería _xAfrica. _92157 |
| 650 | 1 | 4 |
_aParques nacionales _xAfrica. _985697 |
| 810 | 0 | _aFAO | |
| 830 | 0 | 0 |
_aGuía de conservación _v; 34 _951482 |
| 901 | _aBK | ||
| 905 | _aPatricia Mendoza P. | ||
| 942 | _cLIBRO | ||
| 949 |
_a333.72 F3 v.34 _bBC _cFAO _d33724000779823 _eFAO1 _h97552 _i92747 _kDonaciØn _sb |
||
| 999 |
_c81286 _d81286 |
||